The internet for dummies (Record no. 166884)
[ view plain ]
| 000 -LEADER | |
|---|---|
| fixed length control field | 00395nam a2200145Ia 4500 |
| 008 - FIXED-LENGTH DATA ELEMENTS--GENERAL INFORMATION | |
| fixed length control field | 231217s9999 xx 000 0 und d |
| 041 ## - LANGUAGE CODE | |
| Language code of text/sound track or separate title | English |
| 082 ## - DEWEY DECIMAL CLASSIFICATION NUMBER | |
| Classification number | 001.64404 LEV;1 R |
| 100 ## - MAIN ENTRY--PERSONAL NAME | |
| Personal name | Levine, John R Baroudi, Carol Young, Margaret Levine |
| 245 #4 - TITLE STATEMENT | |
| Title | The internet for dummies |
| 250 ## - EDITION STATEMENT | |
| Edition statement | 5th ed. |
| 260 ## - PUBLICATION, DISTRIBUTION, ETC. | |
| Date of publication, distribution, etc. | 1998 |
| Name of publisher, distributor, etc. | Comdex Computer Publ. |
| 300 ## - PHYSICAL DESCRIPTION | |
| Extent | xxiv+376+27 |
| 942 ## - ADDED ENTRY ELEMENTS (KOHA) | |
| Koha item type | Books |
| Date last seen | Total checkouts | Full call number | Accession number | Cost, total (INR) price | Price effective from | Category | Lost status | Damaged status | Department | Withdrawn status | Home library | Current library | Entry date | Cost, normal purchase price | Grants | Billnumber | Billdate | Currency symbol | Conversion rate | Discount | Old discount |
|---|---|---|---|---|---|---|---|---|---|---|---|---|---|---|---|---|---|---|---|---|---|
| 26/01/2024 | 001.64404 LEV;1 R | 14904 | 127.50 | 26/01/2024 | Books | Central Library | Central Library | Central Library | 15/03/2000 | 150.00 | ME | 104 | 23/12/2002 | RS | 1 | 22.5 | 15 |
